|
|
|
|
| LEADER |
00855cam a2200241 7i4500 |
| 001 |
0000004928 |
| 005 |
20240630090000.0 |
| 008 |
240630t19881988ii # ### #00001engm# |
| 020 |
# |
# |
|a 88904429
|
| 040 |
# |
# |
|a UMT
|b eng
|c UMT
|e rda
|
| 090 |
0 |
0 |
|a QL 634 .I5
|b M9 1988
|
| 100 |
1 |
# |
|a Munshi, J. S. Datta
|e author
|
| 245 |
1 |
0 |
|a Natural history of fishes and systematics of freshwater fishes of India
|c J.S. Datta Munshi and M.P. Srivastava.
|
| 264 |
# |
1 |
|a Delhi:
|b Navendra Publishing House,
|c 1988
|
| 264 |
# |
4 |
|c ♭1988
|
| 300 |
# |
# |
|a xvii, 403 pages:
|b illustrations;
|c 26 cm
|
| 336 |
# |
# |
|a text --
|2 rdacontent
|
| 337 |
# |
# |
|a unmediated --
|2 rdamedia
|
| 338 |
# |
# |
|a volume --
|2 rdacarrier
|
| 590 |
# |
# |
|a Koleksi Prof. Madya Dr. Mohsin
|
| 650 |
0 |
0 |
|a Freshwater fishes --
|z India
|
| 700 |
1 |
# |
|a Srivastava, M. P.
|
| 999 |
|
|
|a 1000400066
|b Book
|c Open Shelf
|e KOLEKSI TERBUKA
|